Starting business english : Units : 1-2, side 1: units: 3-4, side 2 (Record no. 198603)
[ view plain ]
| 000 -LEADER | |
|---|---|
| fixed length control field | 00321 a2200121 4500 |
| 003 - CONTROL NUMBER IDENTIFIER | |
| control field | Nust |
| 005 - DATE AND TIME OF LATEST TRANSACTION | |
| control field | 20170207154601.0 |
| 040 ## - CATALOGING SOURCE | |
| Transcribing agency | Nust |
| 082 ## - DEWEY DECIMAL CLASSIFICATION NUMBER | |
| Classification number | 025.34 |
| 245 ## - TITLE STATEMENT | |
| Title | Starting business english : Units : 1-2, side 1: units: 3-4, side 2 |
| 505 ## - FORMATTED CONTENTS NOTE | |
| Formatted contents note | Almirah No.73 shelf No.6 |
| 650 ## - SUBJECT ADDED ENTRY--TOPICAL TERM | |
| Topical term or geographic name entry element | English learning |
| 651 ## - SUBJECT ADDED ENTRY--GEOGRAPHIC NAME | |
| Geographic name | Starting business english |
| Withdrawn status | Lost status | Source of classification or shelving scheme | Damaged status | Not for loan | Collection code | Permanent Location | Current Location | Date acquired | Total Checkouts | Full call number | Barcode | Date last seen | Price effective from | Koha item type |
|---|---|---|---|---|---|---|---|---|---|---|---|---|---|---|
| Military College of Signals (MCS) | Military College of Signals (MCS) | 12/12/2016 | 025.34 STA | MCSCts-17 | 12/08/2016 | 12/12/2016 | Book |
